বঙ্গবন্ধু হত্যার বিচার / (Record no. 6649)
[ view plain ]
| 000 -LEADER | |
|---|---|
| fixed length control field | 00865nam a22002177a 4500 |
| 003 - CONTROL NUMBER IDENTIFIER | |
| control field | BUBTL |
| 008 - FIXED-LENGTH DATA ELEMENTS--GENERAL INFORMATION | |
| fixed length control field | 220127b ||||| |||| 00| 0 eng d |
| 020 ## - INTERNATIONAL STANDARD BOOK NUMBER | |
| International Standard Book Number | 9789846423853 |
| 082 ## - DEWEY DECIMAL CLASSIFICATION NUMBER | |
| Classification number | 954.92/ M7491b/ 2018 |
| 100 ## - MAIN ENTRY--PERSONAL NAME | |
| 9 (RLIN) | 4503 |
| Personal name | মনির, খায়রুল আলম |
| 245 ## - TITLE STATEMENT | |
| Title | বঙ্গবন্ধু হত্যার বিচার / |
| Statement of responsibility, etc. | খায়রুল আলম মনির |
| 250 ## - EDITION STATEMENT | |
| Edition statement | 1st Edn. |
| 260 ## - PUBLICATION, DISTRIBUTION, ETC. (IMPRINT) | |
| Place of publication, distribution, etc. | ঢাকা; |
| Name of publisher, distributor, etc. | শব্দরূপ, |
| Date of publication, distribution, etc. | c2018 |
| 300 ## - PHYSICAL DESCRIPTION | |
| Extent | 288 p.: |
| Other physical details | ill.: |
| Dimensions | 22 cm. |
| 505 ## - FORMATTED CONTENTS NOTE | |
| Formatted contents note | বঙ্গবন্ধু হত্যার বিচার, বঙ্গবন্ধু, খায়রুল আলম মনির |
| 650 #0 - SUBJECT ADDED ENTRY--TOPICAL TERM | |
| 9 (RLIN) | 3573 |
| Topical term or geographic name as entry element | বঙ্গবন্ধু |
| 650 #0 - SUBJECT ADDED ENTRY--TOPICAL TERM | |
| 9 (RLIN) | 4372 |
| Topical term or geographic name as entry element | Bangabandhu |
| 856 ## - ELECTRONIC LOCATION AND ACCESS | |
| Password | 0 |
| Logon | 0 |
| Link text | Download |
| 942 ## - ADDED ENTRY ELEMENTS (KOHA) | |
| Source of classification or shelving scheme | |
| Koha item type | Books |
| Withdrawn status | Lost status | Source of classification or shelving scheme | Damaged status | Not for loan | Collection code | Permanent location | Current location | Shelving location | Date acquired | Source of acquisition | Inventory number | Total Checkouts | Full call number | Barcode | Date last seen | Copy number | Price effective from | Koha item type | Date last checked out |
|---|---|---|---|---|---|---|---|---|---|---|---|---|---|---|---|---|---|---|---|
| Non-fiction | Bangladesh University of Business and Technology Library | Bangladesh University of Business and Technology Library | Historical Books | 02/18/2020 | Purchase | 26686 | 954.92/ M7491b/ 2018 | BUBTL-200326686 | 01/27/2022 | C-1 | 01/27/2022 | Books | |||||||
| Non-fiction | Bangladesh University of Business and Technology Library | Bangladesh University of Business and Technology Library | Historical Books | 02/18/2020 | Purchase | 26687 | 954.92/ M7491b/ 2018 | BUBTL-200326687 | 01/27/2022 | C-2 | 01/27/2022 | Books | |||||||
| Non-fiction | Bangladesh University of Business and Technology Library | Bangladesh University of Business and Technology Library | Historical Books | 02/18/2020 | Purchase | 26688 | 1 | 954.92/ M7491b/ 2018 | BUBTL-200326688 | 07/14/2024 | C-3 | 01/27/2022 | Books | 07/04/2024 | |||||
| Non-fiction | Bangladesh University of Business and Technology Library | Bangladesh University of Business and Technology Library | Historical Books | 02/18/2020 | Purchase | 26689 | 954.92/ M7491b/ 2018 | BUBTL-200326689 | 01/27/2022 | C-4 | 01/27/2022 | Books | |||||||
| Non-fiction | Bangladesh University of Business and Technology Library | Bangladesh University of Business and Technology Library | Historical Books | 02/18/2020 | Purchase | 26690 | 954.92/ M7491b/ 2018 | BUBTL-200326690 | 01/27/2022 | C-5 | 01/27/2022 | Books |
